000 00669nam a2200253Ia 4500
005 20260121154537.0
008 008 260114s9999 xx 000 0 eng d
020 _a9781003125440
037 _aEBOOK
040 _aCRL
040 _beng
040 _cCRL
041 _2eng
041 _aeng
084 _qCRL
100 _a Chikumbutso Herbert Manthalu; Victor Chikaipa; Anthony Mavuto Gunde
_91008500
245 0 _aEducation, Communication and Democracy in Africa
260 _bTaylor and Francis
260 _c2022
856 _uhttp://www.taylorfrancis.com/books/9781003125440
942 _cEBOOK
999 _c1575321
_d1575321